Diseño de filtros digitales resonantes de pequeño ancho de banda
Đã lưu trong:
| Tác giả chính: | |
|---|---|
| Định dạng: | Sách |
| Được phát hành: |
[San José, Costa Rica]
2009
|
| Những chủ đề: | |
| Các nhãn: |
Thêm thẻ
Không có thẻ, Là người đầu tiên thẻ bản ghi này!
|
MARC
| LEADER | 00000nam a2200000Ia 4500 | ||
|---|---|---|---|
| 003 | 001621 | ||
| 005 | 20221231144038.0 | ||
| 008 | 140114s2009 cr a 000 ||s d | ||
| 040 | |c cru CEDI | ||
| 090 | |a TFG 6133 | ||
| 100 | |a Rivera Alfaro, Jorge Enrique |9 2596 | ||
| 245 | |a Diseño de filtros digitales resonantes de pequeño ancho de banda | ||
| 260 | |c 2009 |b [San José, Costa Rica] | ||
| 500 | |a Proyecto de graduación (bachillerato en ingeniería eléctrica)--Universidad de Costa Rica. Facultad de Ingeniería. Escuela de Ingeniería Eléctrica | ||
| 650 | |x CIRCUITOS ELECTRICOS |x ANCHO DE BANDA |x SISTEMAS DE TELECOMUNICACION |x PROCESAMIENTO DE SEÑALES |x DISEÑO |x FILTROS ELECTRICOS DIGITALES |9 3147 | ||
| 942 | |c TFG | ||
| 999 | |c 16082 |d 16082 | ||
